Aerosmith: Albums by Cover - Statistics

General Stats
  • This quiz has been taken 31 times
  • The average score is 9 of 15
Answer Stats
Picture Hint Answer % Correct
1973 Aerosmith
92%
1975 Toys in the Attic
92%
1989 Pump
85%
1993 Get a Grip
73%
1987 Permanent Vacation
73%
1976 Rocks
73%
1977 Draw the Line
62%
1974 Get Your Wings
62%
1997 Nine Lives
58%
1979 Night in the Ruts
54%
2001 Just Push Play
50%
1985 Done with Mirrors
46%
1982 Rock in a Hard Place
42%
2004 Honkin' on Bobo
38%
2012 Music from Another Dimension!
31%
No matching quizzes found
Score Distribution
Percent of People with Each Score
Percentile by Number Answered
Your Score History
You have not taken this quiz